OPAC Home

සිත රිදුනා පමණයි (Record no. 72711)

MARC details
000 -LEADER
fixed length control field 00458nam a2200169Ia 4500
008 - FIXED-LENGTH DATA ELEMENTS--GENERAL INFORMATION
fixed length control field 100226t2006 xxu||||| |||| 00| 0 sin d
041 ## - LANGUAGE CODE
Language code of text/sound track or separate title Sinhala; Sinhalese
080 ## - UNIVERSAL DECIMAL CLASSIFICATION NUMBER
Universal Decimal Classification number X8s31
Item number WAS
942 ## - ADDED ENTRY ELEMENTS (KOHA)
Koha item type Books
003 - CONTROL NUMBER IDENTIFIER
control field LK-CoDNM
040 ## - CATALOGING SOURCE
Original cataloging agency LK-CoDNM
Modifying agency LK-CoDNM
Description conventions LK-CoDNM
100 ## - MAIN ENTRY--PERSONAL NAME
Personal name Wasalasuriya, Gamini
245 ## - TITLE STATEMENT
Title සිත රිදුනා පමණයි
246 ## - VARYING FORM OF TITLE
Title proper/short title Sitha Riduna Pamanai
260 ## - PUBLICATION, DISTRIBUTION, ETC. (IMPRINT)
Name of publisher, distributor, etc. Kinkini Kriyeshans
Place of publication, distribution, etc. Pannipitiya
Date of publication, distribution, etc. 2006
300 ## - PHYSICAL DESCRIPTION
Extent 296p., 21 cm
Holdings
Withdrawn status Lost status Damaged status Not for loan Collection code Permanent Location Current Location Date acquired Full call number Barcode Koha item type
        Novels Library National Museum Colombo - Sri Lanka Library National Museum Colombo - Sri Lanka 2010-02-26 X8s31 WAS 147467 Books
Copyright © 2023 Department of National Museum, Colombo 07, Sri Lanka Funded by UNESCO IFAP UNESCO